[Event "Peterborough 4NCL Spring"]
[Site "Peterborough"]
[Date "2024.03.27"]
[Round "9"]
[White "Royal, Shreyas"]
[Black "Makkar, Rajat"]
[Result "0-1"]
[WhiteElo "2457"]
[BlackElo "2434"]
[PlyCount "106"]
[EventDate "2024.03.23"]
[EventType "tourn"]
[EventRounds "9"]
[EventCountry "ENG"]
[EventCategory "8"]
[SourceTitle "CB13_2024"]
[SourceDate "2024.03.27"]
[SourceVersion "1"]
[SourceVersionDate "2024.03.27"]
[SourceQuality "1"]

1. d4 d5 2. c4 c6 3. Nf3 Nf6 4. Nc3 e6 5. e3 Nbd7 6. Qc2 Bd6 7. Be2 0-0 8. 0-0 dxc4 9. Bxc4 b5 10. Bd3 Bb7 11. a3 Rc8 12. b4 a5 13. Qb3 Ra8 14. Rb1 Qe7 15. e4 e5 16. Ne2 axb4 17. dxe5 Bxe5 18. axb4 c5 19. bxc5 Nxc5 20. Ba3 Nfxe4 21. Bxe4 Bxe4 22. Bxc5 Qxc5 23. Qxb5 Qxb5 24. Rxb5 Bf6 25. Rb3 Rfd8 26. h3 h5 27. Re1 Bc2 28. Rb5 g6 29. Nf4 Ba4 30. Rc5 Bb3 31. g4 hxg4 32. hxg4 Ra4 33. Re3 Bd1 34. Nd5 Rxg4+ 35. Kf1 Kg7 36. Nxf6 Kxf6 37. Ne5 Rf4 38. Rd3 Rxd3 39. Nxd3 Re4 40. Kg2 Be2 41. Nc1 Rg4+ 42. Kh3 Rc4 43. Nb3 Rf4 44. Kg2 g5 45. Rc3 Kg6 46. Nc5 Bc4 47. Re3 Rg4+ 48. Kf3 Rf4+ 49. Kg3 f5 50. Re8 Bd5 51. Rd8 Rf3+ 52. Kg2 Rd3+ 53. Kh2 Rd1 0-1

[Event "Peterborough 4NCL Spring"]
[Site "Peterborough"]
[Date "2024.03.26"]
[Round "7"]
[White "Agdelen, Huseyin Can"]
[Black "Makkar, Rajat"]
[Result "1/2-1/2"]
[WhiteElo "2408"]
[BlackElo "2434"]
[PlyCount "112"]
[EventDate "2024.03.23"]
[EventType "tourn"]
[EventRounds "9"]
[EventCountry "ENG"]
[EventCategory "8"]
[SourceTitle "CB13_2024"]
[SourceDate "2024.03.27"]
[SourceVersion "1"]
[SourceVersionDate "2024.03.27"]
[SourceQuality "1"]

1. e4 e5 2. Nf3 Nc6 3. Bb5 a6 4. Bxc6 dxc6 5. 0-0 Bg4 6. h3 Bh5 7. g4 Bg6 8. Nxe5 Ne7 9. d3 h5 10. Bf4 hxg4 11. hxg4 f6 12. Nc4 Qd7 13. Nc3 Bf7 14. Kg2 0-0-0 15. Ne3 Be6 16. Bg3 g6 17. Qf3 f5 18. Rh1 fxg4 19. Qf6 Rh3 20. Qe5 Ng8 21. Na4 Qf7 22. Qf4 Qxf4 23. Bxf4 Be7 24. Nc3 Rf8 25. Ne2 Nf6 26. Bh6 Rh8 27. Bg7 Rxh1 28. Rxh1 Rxh1 29. Kxh1 Nh5 30. Be5 Bd6 31. Bxd6 cxd6 32. a3 b5 33. Kg2 Kd8 34. f3 gxf3+ 35. Kxf3 Ke7 36. Nf4 Nxf4 37. Kxf4 Kf6 38. Nf1 g5+ 39. Ke3 d5 40. Ng3 a5 41. b4 a4 42. Kd4 dxe4 43. Nxe4+ Kf5 44. c4 Kf4 45. Nxg5 Kxg5 46. Kc5 Bd7 47. d4 Be8 48. d5 bxc4 49. Kxc4 Bf7 50. b5 Bxd5+ 51. Kc5 cxb5 52. Kxb5 Bb3 53. Kb4 Kf4 54. Kc3 Ke3 55. Kb2 Kd2 56. Ka1 Kc1 1/2-1/2

[Event "Peterborough 4NCL Spring"]
[Site "Peterborough"]
[Date "2024.03.25"]
[Round "5"]
[White "Harvey, Marcus Ross"]
[Black "Makkar, Rajat"]
[Result "1/2-1/2"]
[WhiteElo "2468"]
[BlackElo "2434"]
[PlyCount "104"]
[EventDate "2024.03.23"]
[EventType "tourn"]
[EventRounds "9"]
[EventCountry "ENG"]
[EventCategory "8"]
[SourceTitle "CB13_2024"]
[SourceDate "2024.03.27"]
[SourceVersion "1"]
[SourceVersionDate "2024.03.27"]
[SourceQuality "1"]

1. c4 c6 2. e4 d5 3. exd5 cxd5 4. d4 Nf6 5. Nc3 g6 6. Qb3 Nbd7 7. cxd5 Nb6 8. Bb5+ Bd7 9. Be2 Bg7 10. a4 a5 11. h3 0-0 12. Bf3 Rc8 13. Nge2 Rc4 14. 0-0 Rb4 15. Qd1 Bf5 16. b3 Nbxd5 17. Nxd5 Nxd5 18. Bd2 Bd3 19. Bxb4 Nxb4 20. Bxb7 Qb6 21. Bf3 Bxd4 22. Nxd4 Bxf1 23. Kxf1 Rd8 24. Qe2 Qxd4 25. Rd1 Qxd1+ 26. Qxd1 Rxd1+ 27. Bxd1 Kf8 28. Ke2 Ke8 29. Ke3 e5 30. Ke4 f6 31. f4 exf4 32. Kd4 Kd7 33. Kc5 g5 34. Kb6 Nc6 35. Bf3 Ne5 36. Be4 h5 37. Kxa5 g4 38. hxg4 hxg4 39. Kb6 g3 40. a5 Kc8 41. a6 Nd7+ 42. Ka5 Kb8 43. b4 Ka7 44. b5 Nb6 45. Kb4 Nd7 46. Ka5 Nb6 47. Bc6 Nc4+ 48. Kb4 Ne5 49. Ka5 Nc4+ 50. Kb4 Ne5 51. Ka5 Nc4+ 52. Kb4 Ne5 1/2-1/2

[Event "Mitropa Cup"]
[Site "Apolda"]
[Date "2024.02.17"]
[Round "3.10"]
[White "Haring, Filip"]
[Black "Makkar, Rajat"]
[Result "1-0"]
[WhiteElo "2449"]
[BlackElo "2453"]
[PlyCount "123"]
[EventDate "2024.02.15"]
[EventType "team-tourn"]
[EventRounds "9"]
[EventCountry "GER"]
[SourceTitle "CB09_2024"]
[SourceDate "2024.02.28"]
[SourceVersion "1"]
[SourceVersionDate "2024.02.28"]
[SourceQuality "1"]
[WhiteTeam "Slovakia"]
[BlackTeam "France"]
[WhiteTeamCountry "SVK"]
[BlackTeamCountry "FRA"]

1. e4 e5 2. Nf3 Nc6 3. d4 exd4 4. Nxd4 Nf6 5. Nxc6 bxc6 6. Bd3 d5 7. exd5 cxd5 8. 0-0 Be7 9. h3 0-0 10. Re1 Bb7 11. Nd2 Ne4 12. Nxe4 dxe4 13. Bc4 Qe8 14. Be3 Kh8 15. Qh5 Bd6 16. Rad1 Qe7 17. Qb5 c6 18. Qb3 Bc7 19. Kf1 Bc8 20. Qa4 Bd7 21. Qa3 Qxa3 22. bxa3 Bf5 23. Bc5 Rfc8 24. Bxf7 Bb6 25. Be3 Ba5 26. Bd2 Bb6 27. Be3 Ba5 28. Re2 Rd8 29. Rxd8+ Rxd8 30. g4 Bc8 31. Bc4 h5 32. Bxa7 hxg4 33. hxg4 Bxg4 34. Rxe4 Bh3+ 35. Ke2 g5 36. Bd4+ Kh7 37. Re7+ Kh6 38. Bd3 Rd7 39. Rxd7 Bxd7 40. Bc5 g4 41. Bb4 Bc7 42. a4 c5 43. Bxc5 Bxa4 44. Kd2 Kg5 45. Be3+ Kf6 46. Kc3 Bd6 47. Kc4 Bd7 48. Kd5 Bc7 49. c4 g3 50. fxg3 Bxg3 51. Bc5 Kf7 52. Bd6 Be1 53. a3 Bg4 54. Kc6 Bf3+ 55. Kb6 Ke6 56. c5 Bh4 57. Bb5 Bd8+ 58. Bc7 Be7 59. a4 Bg4 60. Bc4+ Kd7 61. c6+ Ke8 62. Kb7 1-0

[Event "Sitges Sunway op 10th"]
[Site "Sitges"]
[Date "2023.12.21"]
[Round "9"]
[White "Abdurakhmanov, Mukhmmadali"]
[Black "Makkar, Rajat"]
[Result "0-1"]
[WhiteElo "2409"]
[BlackElo "2465"]
[PlyCount "96"]
[EventDate "2023.12.12"]
[EventType "swiss"]
[EventRounds "10"]
[EventCountry "ESP"]
[SourceTitle "CB52_2023"]
[SourceDate "2023.12.27"]
[SourceVersion "1"]
[SourceVersionDate "2023.12.27"]
[SourceQuality "1"]

1. d4 d5 2. Bf4 Nf6 3. e3 c5 4. Nf3 Nc6 5. Nbd2 cxd4 6. exd4 Qb6 7. Nb3 Bf5 8. c3 e6 9. a4 a6 10. a5 Qd8 11. h3 Be7 12. Be2 0-0 13. 0-0 Ne4 14. Ra2 Nd6 15. Re1 Nc4 16. Qa1 f6 17. Bxc4 dxc4 18. Nbd2 Qd5 19. Nf1 Bd3 20. Ne3 Qh5 21. Nd2 e5 22. dxe5 fxe5 23. Bg3 Qf7 24. Ra4 Bc5 25. Qa2 Bxe3 26. Rxe3 Bc2 27. Rxc4 Rfd8 28. Rf3 Qe6 29. Nf1 e4 30. Re3 Rd1 31. b3 Bd3 32. Re2 Bxc4 33. bxc4 Rad8 34. Bh4 R8d3 35. f3 Ne5 36. Rxe4 Rxf3 37. Bf2 Rxc3 38. Qe2 Rcc1 39. Rxe5 Rxf1+ 40. Kh2 Rh1+ 41. Kg3 Rc3+ 42. Re3 Qe5+ 43. Kg4 Rxe3 44. Bxe3 Rc1 45. Qd3 Qe6+ 46. Kf3 Rxc4 47. Qd8+ Kf7 48. Qd3 Qc6+ 0-1

[Event "Sitges Sunway op 10th"]
[Site "Sitges"]
[Date "2023.12.20"]
[Round "8"]
[White "Makkar, Rajat"]
[Black "Ortega Serra, Marc"]
[Result "1-0"]
[WhiteElo "2465"]
[BlackElo "2303"]
[PlyCount "77"]
[EventDate "2023.12.12"]
[EventType "swiss"]
[EventRounds "10"]
[EventCountry "ESP"]
[SourceTitle "CB52_2023"]
[SourceDate "2023.12.27"]
[SourceVersion "1"]
[SourceVersionDate "2023.12.27"]
[SourceQuality "1"]

1. e4 e6 2. d4 d5 3. e5 c5 4. c3 Nc6 5. Nf3 Qb6 6. a3 Nh6 7. Bd3 cxd4 8. b4 Bd7 9. 0-0 a5 10. b5 Ne7 11. c4 dxc4 12. Nbd2 cxd3 13. Nc4 Qc7 14. Nd6+ Kd8 15. Bxh6 gxh6 16. Nxf7+ Ke8 17. Nd6+ Kd8 18. Rc1 Qb6 19. Nd2 Ng6 20. N2c4 Qa7 21. Nf7+ Ke8 22. Qf3 Bg7 23. Nfd6+ Kd8 24. Qf7 Bf8 25. Qf6+ Be7 26. Nf7+ Ke8 27. Ncd6+ Kf8 28. Qf3 Kg7 29. Rc7 Rad8 30. Nxd8 Rxd8 31. Qf7+ Kh8 32. Rxd7 Rxd7 33. Ne8 Bf8 34. Qxd7 Qc5 35. Qxb7 Qxe5 36. b6 d2 37. Qf3 Bxa3 38. b7 Qb5 39. Qf6+ 1-0

[Event "London GM-A"]
[Site "London"]
[Date "2023.12.08"]
[Round "7"]
[White "Willow, Jonah B"]
[Black "Makkar, Rajat"]
[Result "1-0"]
[WhiteElo "2427"]
[BlackElo "2465"]
[PlyCount "59"]
[EventDate "2023.12.05"]
[EventType "tourn"]
[EventRounds "9"]
[EventCountry "ENG"]
[EventCategory "10"]
[SourceTitle "CB50_2023"]
[SourceDate "2023.12.13"]
[SourceVersion "1"]
[SourceVersionDate "2023.12.13"]
[SourceQuality "1"]

1. e4 e5 2. Nf3 Nc6 3. Nc3 Nf6 4. Bb5 Bc5 5. 0-0 0-0 6. Nxe5 Nxe5 7. d4 Bd6 8. dxe5 Bxe5 9. Bd3 Re8 10. Bg5 c6 11. Kh1 h6 12. Bh4 Qa5 13. Qe1 Kf8 14. f4 Bxc3 15. bxc3 Nxe4 16. Bxe4 d5 17. f5 Rxe4 18. Qg3 f6 19. Qd6+ Kf7 20. Be1 Bxf5 21. c4 Qa6 22. Bd2 Be6 23. Qc7+ Kg6 24. Rf3 Qxc4 25. h3 Kh7 26. Raf1 Qxc2 27. Bc3 d4 28. Bb4 Bc4 29. Rg3 Rg8 30. Bf8 1-0

[Event "Wch U16"]
[Site "Montesilvano"]
[Date "2023.11.18"]
[Round "6"]
[White "Makkar, Rajat"]
[Black "Smeets, Kobe"]
[Result "1-0"]
[WhiteElo "2452"]
[BlackElo "2266"]
[PlyCount "37"]
[EventDate "2023.11.13"]
[EventType "swiss"]
[EventRounds "11"]
[EventCountry "ITA"]
[SourceTitle "CB48_2023"]
[SourceDate "2023.11.29"]
[SourceVersion "1"]
[SourceVersionDate "2023.11.29"]
[SourceQuality "1"]

1. d4 d5 2. c4 c6 3. Nf3 Nf6 4. g3 Bf5 5. Nc3 e6 6. Nh4 Be4 7. f3 Bg6 8. Qb3 Qd7 9. Nxg6 hxg6 10. Bf4 dxc4 11. Qxc4 Nd5 12. Bd2 a5 13. e4 b5 14. Nxb5 cxb5 15. Qxb5 Nc7 16. Qb7 Qxd4 17. Qxc7 Nd7 18. Bb5 Rd8 19. 0-0-0 1-0

[Event "Wch U16"]
[Site "Montesilvano"]
[Date "2023.11.17"]
[Round "5"]
[White "Gasparyan, Erik R"]
[Black "Makkar, Rajat"]
[Result "1-0"]
[WhiteElo "2320"]
[BlackElo "2452"]
[PlyCount "51"]
[EventDate "2023.11.13"]
[EventType "swiss"]
[EventRounds "11"]
[EventCountry "ITA"]
[SourceTitle "CB48_2023"]
[SourceDate "2023.11.29"]
[SourceVersion "1"]
[SourceVersionDate "2023.11.29"]
[SourceQuality "1"]

1. e4 e5 2. Nf3 Nc6 3. Nc3 Nf6 4. d4 exd4 5. Nxd4 Bb4 6. Nxc6 bxc6 7. Bd3 0-0 8. 0-0 Re8 9. Qf3 h6 10. Bd2 d6 11. a3 Ba5 12. b4 Bb6 13. Na4 Bd4 14. c3 Be5 15. Qd1 Nd7 16. f4 Bf6 17. Qf3 Bb7 18. Nb2 Nb6 19. Rae1 c5 20. Qh5 g6 21. Qxh6 Bg7 22. Qh3 cxb4 23. axb4 a5 24. f5 Re5 25. Bf4 Bc8 26. Bxe5 1-0

[Event "AI Cup Play In"]
[Site "Chess.com INT"]
[Date "2023.09.18"]
[Round "6"]
[White "Makkar, Rajat"]
[Black "Golubev, Mikhail"]
[Result "0-1"]
[WhiteElo "2451"]
[BlackElo "2461"]
[PlyCount "124"]
[EventDate "2023.09.18"]
[EventType "swiss (rapid)"]
[EventRounds "9"]
[EventCountry "USA"]
[SourceTitle "EXT 2024"]
[Source "ChessBase"]
[SourceDate "2023.10.10"]
[SourceVersion "1"]
[SourceVersionDate "2023.10.10"]
[SourceQuality "1"]

1. d4 Nf6 2. c4 g6 3. h4 Bg7 4. Nc3 d6 5. e4 c5 6. d5 b5 7. cxb5 a6 8. Nf3 0-0 9. a4 Nbd7 10. bxa6 Bxa6 11. Bxa6 Rxa6 12. 0-0 Ng4 13. Qe2 Qa8 14. Nd2 h5 15. Nc4 Bxc3 16. bxc3 Rxa4 17. Rxa4 Qxa4 18. Bf4 Qa6 19. Re1 Ra8 20. f3 Nb6 21. fxg4 Qxc4 22. Qxc4 Nxc4 23. gxh5 gxh5 24. e5 dxe5 25. Bxe5 f6 26. Bg3 Kf7 27. Bf2 Ra5 28. Rb1 Nd6 29. c4 Nxc4 30. Rb7 Nd6 31. Rc7 Ne4 32. Be3 Ra1+ 33. Kh2 Ra5 34. Bf4 Ke8 35. Rc8+ Kd7 36. Rc7+ Kd8 37. Rb7 Ra4 38. Rb8+ Kd7 39. Rb7+ Ke8 40. Rb8+ Kf7 41. Rb7 Nf2 42. Bd6 Ng4+ 43. Kg3 Ra3+ 44. Kf4 Re3 45. Bxc5 Re5 46. Ba3 Ne3 47. d6 Nd5+ 48. Kf3 Re3+ 49. Kf2 Rxa3 50. d7 Ra8 51. Rb5 Ke6 52. g4 hxg4 53. h5 Nf4 54. h6 Rd8 55. Kg3 Ng6 56. h7 Rxd7 57. Kxg4 Kf7 58. Kh5 Kg7 59. Rb4 Rd5+ 60. Kg4 Rg5+ 61. Kh3 Kxh7 62. Kh2 Kh6 0-1

[Event "EU-ch U16 31st"]
[Site "Mamaia"]
[Date "2023.09.14"]
[Round "9"]
[White "Malek, Jan"]
[Black "Makkar, Rajat"]
[Result "0-1"]
[WhiteElo "2422"]
[BlackElo "2451"]
[PlyCount "78"]
[EventDate "2023.09.05"]
[EventType "swiss"]
[EventRounds "9"]
[EventCountry "ROU"]
[SourceTitle "EXT 2024"]
[Source "ChessBase"]
[SourceDate "2023.10.10"]
[SourceVersion "1"]
[SourceVersionDate "2023.10.10"]
[SourceQuality "1"]

1. d4 Nf6 2. c4 e6 3. Nc3 Bb4 4. e3 0-0 5. Bd2 Re8 6. Nf3 c5 7. a3 cxd4 8. axb4 dxc3 9. Bxc3 b6 10. Bd3 Bb7 11. Qc2 h6 12. 0-0 d6 13. e4 e5 14. c5 dxc5 15. bxc5 Nbd7 16. cxb6 Qxb6 17. Rfe1 Rac8 18. Nd2 Nc5 19. Bf1 a6 20. Kh1 Ng4 21. Nc4 Qa7 22. h3 Bxe4 23. Rxe4 Nxe4 24. hxg4 Nxf2+ 25. Kh2 Nxg4+ 26. Kg3 h5 27. Qf5 Rc6 28. Qxh5 Qf2+ 29. Kxg4 Qf4+ 30. Kh3 Rh6 31. g4 Ree6 32. Nxe5 Qe3+ 33. Kg2 Rxh5 34. gxh5 Rf6 35. Ng4 Qf3+ 36. Kh2 Rf5 37. Bh3 Rxh5 38. Nf6+ gxf6 39. Rg1+ Kh7 0-1

[Event "EU-ch U16 31st"]
[Site "Mamaia"]
[Date "2023.09.12"]
[Round "7"]
[White "Makkar, Rajat"]
[Black "Vagman, Roy"]
[Result "1-0"]
[WhiteElo "2451"]
[BlackElo "2327"]
[PlyCount "71"]
[EventDate "2023.09.05"]
[EventType "swiss"]
[EventRounds "9"]
[EventCountry "ROU"]
[SourceTitle "EXT 2024"]
[Source "ChessBase"]
[SourceDate "2023.10.10"]
[SourceVersion "1"]
[SourceVersionDate "2023.10.10"]
[SourceQuality "1"]

1. e4 c5 2. Nf3 d6 3. d4 cxd4 4. Nxd4 Nf6 5. Nc3 Nc6 6. Bg5 e6 7. Qd2 Be7 8. 0-0-0 a6 9. Bxf6 gxf6 10. f4 Bd7 11. Be2 h5 12. Rhe1 Qb6 13. Nxc6 Bxc6 14. f5 Qc5 15. Bf3 0-0-0 16. Qe2 h4 17. Kb1 Rh7 18. Rd3 Kb8 19. Qd1 Bf8 20. Ne2 e5 21. Nc3 Rc8 22. h3 Rc7 23. a3 Be7 24. Nd5 Bxd5 25. exd5 Rh8 26. Re4 Qa5 27. c3 Qb5 28. Be2 Qd7 29. Rf3 Rcc8 30. Qe1 Rcg8 31. Rb4 a5 32. Rb3 Qa4 33. c4 Qd7 34. c5 dxc5 35. Ba6 e4 36. Qxe4 1-0

[Event "EU-ch U16 31st"]
[Site "Mamaia"]
[Date "2023.09.09"]
[Round "5"]
[White "Makkar, Rajat"]
[Black "Ghimoyan, Narek"]
[Result "1/2-1/2"]
[WhiteElo "2451"]
[BlackElo "2015"]
[PlyCount "57"]
[EventDate "2023.09.05"]
[EventType "swiss"]
[EventRounds "9"]
[EventCountry "ROU"]
[SourceTitle "EXT 2024"]
[Source "ChessBase"]
[SourceDate "2023.10.10"]
[SourceVersion "1"]
[SourceVersionDate "2023.10.10"]
[SourceQuality "1"]

1. e4 e6 2. d4 d5 3. e5 c5 4. c3 Qb6 5. Nf3 Nc6 6. a3 Nh6 7. Bd3 cxd4 8. 0-0 Be7 9. b4 Nf5 10. Bxf5 exf5 11. cxd4 Be6 12. Nc3 0-0 13. Qd3 Rfc8 14. Bd2 a5 15. Na4 Qd8 16. b5 Nb8 17. Be3 Nd7 18. Nd2 Nb6 19. Nc5 Nc4 20. Nxb7 Qb6 21. Nc5 Qxb5 22. a4 Qc6 23. Ndb3 Rab8 24. Bd2 Nxe5 25. dxe5 Bxc5 26. Rac1 Qb6 27. Nxc5 Rxc5 28. Be3 d4 29. Qxd4 1/2-1/2

[Event "Newcastle Northumbria Masters GM"]
[Site "Newcastle on Tyne"]
[Date "2023.08.25"]
[Round "3"]
[White "Makkar, Rajat"]
[Black "Maksimenko, Andrei"]
[Result "1/2-1/2"]
[WhiteElo "2417"]
[BlackElo "2428"]
[PlyCount "86"]
[EventDate "2023.08.24"]
[EventType "schev"]
[EventRounds "9"]
[EventCountry "ENG"]
[SourceTitle "EXT 2024"]
[Source "ChessBase"]
[SourceDate "2023.10.10"]
[SourceVersion "1"]
[SourceVersionDate "2023.10.10"]
[SourceQuality "1"]
[WhiteTeam "ENG FMs"]
[BlackTeam "ENG GMs"]
[WhiteTeamCountry "ENG"]
[BlackTeamCountry "ENG"]

1. Nf3 Nf6 2. c4 e6 3. g3 d5 4. Bg2 dxc4 5. Qa4+ Bd7 6. Qxc4 Bc6 7. 0-0 Nbd7 8. Qc2 e5 9. Nc3 Bc5 10. Rd1 e4 11. Ng5 Bxf2+ 12. Kxf2 Ng4+ 13. Kg1 Qxg5 14. Nxe4 Qg6 15. d4 Nb6 16. h3 Nh6 17. Bxh6 gxh6 18. Qd3 f5 19. Nc3 Bxg2 20. Kxg2 0-0-0 21. Rf1 Nd5 22. Rf3 Rd7 23. Raf1 Ne7 24. e3 Rg8 25. Ne2 Re8 26. Nf4 Qb6 27. Qc2 Kb8 28. Kh2 a6 29. Nd3 Rd5 30. b3 Rd6 31. Ne5 Qb5 32. Rc1 Rc8 33. Qc4 Qd5 34. Qxd5 Rxd5 35. Nd3 b6 36. Nb4 Rd6 37. g4 c5 38. Nxa6+ Kb7 39. Nxc5+ bxc5 40. Rxc5 fxg4 41. Rf1 Rdc6 42. Rxc6 Rxc6 43. hxg4 Kb6 1/2-1/2

[Event "Titled Tuesday intern op 25th Jul Early"]
[Site "Chess.com INT"]
[Date "2023.07.25"]
[Round "5"]
[White "Makkar, Rajat"]
[Black "Osinovsky, Stepan"]
[Result "1-0"]
[WhiteElo "2419"]
[BlackElo "2241"]
[PlyCount "49"]
[EventDate "2023.07.25"]
[EventType "swiss (blitz)"]
[EventRounds "11"]
[EventCountry "USA"]
[SourceTitle "EXT 2024"]
[Source "ChessBase"]
[SourceDate "2023.10.10"]
[SourceVersion "1"]
[SourceVersionDate "2023.10.10"]
[SourceQuality "1"]

1. d4 Nf6 2. c4 g6 3. h4 h5 4. Nc3 Bg7 5. e4 d6 6. Nf3 Nbd7 7. Bg5 c5 8. d5 a6 9. a4 Qa5 10. Bd3 Ng4 11. 0-0 Bxc3 12. bxc3 Qxc3 13. Rc1 Qg7 14. Bd2 f6 15. Qc2 Nde5 16. Be2 Nxf3+ 17. gxf3 Ne5 18. f4 Ng4 19. f3 Nh6 20. Kf2 f5 21. Bc3 Qf8 22. e5 Bd7 23. e6 Bc8 24. Qb2 Rh7 25. Qb6 1-0

[Event "Titled Tuesday intern op 25th Jul Early"]
[Site "Chess.com INT"]
[Date "2023.07.25"]
[Round "2"]
[White "Nagy, Gabor"]
[Black "Makkar, Rajat"]
[Result "1-0"]
[WhiteElo "2461"]
[BlackElo "2419"]
[PlyCount "81"]
[EventDate "2023.07.25"]
[EventType "swiss (blitz)"]
[EventRounds "11"]
[EventCountry "USA"]
[SourceTitle "EXT 2024"]
[Source "ChessBase"]
[SourceDate "2023.10.10"]
[SourceVersion "1"]
[SourceVersionDate "2023.10.10"]
[SourceQuality "1"]

1. d4 d5 2. Nc3 Nf6 3. Bf4 c5 4. e3 cxd4 5. exd4 a6 6. Nf3 Bg4 7. h3 Bh5 8. g4 Bg6 9. Ne5 e6 10. h4 h6 11. Nxg6 fxg6 12. Bd3 Kf7 13. h5 g5 14. Bg6+ Kg8 15. Qe2 Qd7 16. Be5 Nc6 17. 0-0-0 Bb4 18. Rh3 Ne7 19. Bxf6 gxf6 20. a3 Bxc3 21. Rxc3 Nxg6 22. hxg6 Kg7 23. Re1 Rhe8 24. Rh3 Rac8 25. Qd3 e5 26. Rxh6 Qxg4 27. Rh7+ Kg8 28. dxe5 Qf4+ 29. Kb1 Qc4 30. Qh3 Qxc2+ 31. Ka1 Qxg6 32. Rh8+ Kg7 33. exf6+ Kxf6 34. Rhxe8 Rxe8 35. Qf3+ Kg7 36. Rg1 Re5 37. Qc3 Qf6 38. Qc7+ Qe7 39. Rxg5+ Kf6 40. Qxe7+ Kxe7 41. Rxe5+ 1-0

[Event "Julius Baer Play In"]
[Site "Chess.com INT"]
[Date "2023.07.24"]
[Round "6.73"]
[White "Iskandarov, Misratdin"]
[Black "Makkar, Rajat"]
[Result "0-1"]
[WhiteElo "2551"]
[BlackElo "2419"]
[PlyCount "58"]
[EventDate "2023.07.24"]
[EventType "swiss (rapid)"]
[EventRounds "9"]
[EventCountry "GER"]
[SourceTitle "CBM 215 Extra"]
[Source "ChessBase"]
[SourceDate "2023.09.30"]
[SourceVersion "1"]
[SourceVersionDate "2023.09.30"]
[SourceQuality "1"]

1. e4 c5 2. Nf3 d6 3. Nc3 Nc6 4. Bb5 Bd7 5. 0-0 g6 6. b3 Bg7 7. Bb2 Nd4 8. Bxd7+ Qxd7 9. Re1 Nh6 10. d3 0-0 11. h3 f5 12. Nxd4 Bxd4 13. Na4 f4 14. Bxd4 cxd4 15. Qd2 Rac8 16. c4 g5 17. e5 Qf5 18. exd6 exd6 19. Re4 g4 20. Kh2 Rf6 21. Rae1 gxh3 22. gxh3 Ng4+ 23. Kg1 Rg6 24. hxg4 Qxg4+ 25. Kf1 Rh6 26. Re8+ Rxe8 27. Rxe8+ Kf7 28. Re7+ Kg6 29. Re6+ Qxe6 0-1

[Event "Julius Baer Play In"]
[Site "Chess.com INT"]
[Date "2023.07.24"]
[Round "2.24"]
[White "Makkar, Rajat"]
[Black "Smirnov, Pavel"]
[Result "0-1"]
[WhiteElo "2419"]
[BlackElo "2538"]
[PlyCount "94"]
[EventDate "2023.07.24"]
[EventType "swiss (rapid)"]
[EventRounds "9"]
[EventCountry "GER"]
[SourceTitle "CBM 215 Extra"]
[Source "ChessBase"]
[SourceDate "2023.09.30"]
[SourceVersion "1"]
[SourceVersionDate "2023.09.30"]
[SourceQuality "1"]

1. Nf3 Nf6 2. c4 e6 3. d4 d5 4. Nc3 c6 5. e3 Nbd7 6. Be2 Bd6 7. 0-0 0-0 8. b3 b6 9. Bb2 Bb7 10. Bd3 c5 11. cxd5 exd5 12. Rc1 Qe7 13. dxc5 bxc5 14. Re1 Rfe8 15. Qc2 a6 16. h3 Ne5 17. Nxe5 Qxe5 18. f4 Qe7 19. Na4 Rac8 20. Nb6 Rcd8 21. Na4 Rc8 22. Nb6 Rc7 23. Bxf6 Qxf6 24. Bxa6 Bxa6 25. Nxd5 Qd8 26. Nxc7 Qxc7 27. g3 Bb7 28. e4 Bf8 29. b4 Rc8 30. bxc5 Bxc5+ 31. Kh2 Bg1+ 32. Kxg1 Qxc2 33. Rxc2 Rxc2 34. Rb1 Bc8 35. a4 Bxh3 36. a5 h5 37. a6 Ra2 38. Rb8+ Kh7 39. Rb7 Rxa6 40. Rxf7 Ra2 41. f5 Kg8 42. Rb7 Rg2+ 43. Kh1 Re2 44. Rb8+ Kh7 45. Rb7 Bg2+ 46. Kg1 Bxe4 47. Re7 Bd3 0-1